Statistics for Matthew McConaughey Filmography

Click here to take the quiz!

General Stats

  • This quiz has been taken 197 times
    (56 since last reset)
  • The average score is 10 of 52

Answer Stats

HintAnswer% Correct
2013Dallas Buyers Club
91%
2003How to Lose a Guy in 10 Days
67%
2014Interstellar
61%
1993Dazed and Confused
59%
1996A Time to Kill
54%
2011The Lincoln Lawyer
52%
2012Mud
50%
2013The Wolf of Wall Street
48%
2005Sahara
41%
2008Fool's Gold
37%
2001The Wedding Planner
37%
2012Magic Mike
35%
2006Failure to Launch
30%
2009Ghosts of Girlfriends Past
30%
2016Sing
30%
2016Gold
26%
2008Tropic Thunder
24%
2006We Are Marshall
24%
2019Serenity
20%
1999Edtv
17%
1997Amistad
15%
2001Frailty
15%
1994Texas Chainsaw Massacre: The Next Generation
15%
2017The Dark Tower
15%
1995Boys on the Side
13%
2019The Beach Bum
13%
2019The Gentlemen
13%
1994Angels in the Outfield
11%
1997Contact
11%
2002Reign of Fire
11%
2016Free State of Jones
9%
2000U-571
9%
2011Bernie
7%
2011Killer Joe
7%
1996Lone Star
4%
2008Surfer, Dude
4%
2012The Paperboy
4%
2018White Boy Rick
4%
2016Kubo and the Two Strings
2%
1996Larger Than Life
2%
1993My Boyfriend's Back
2%
1998The Newton Boys
2%
2015The Sea of Trees
2%
2003Tiptoes
2%
2005Two for the Money
2%
2019Between Two Ferns: The Movie
0%
1995Glory Daze
0%
2009Made in China
0%
2004Paparazzi
0%
1996Scorpion Spring
0%
2001Thirteen Conversations About One Thing
0%
1998Welcome to Hollywood
0%

Score Distribution

Percentile by Number Answered

Percent of People with Each Score

Your Score History

You have not taken this quiz since the last reset